00371nam a2200157Ia 4500001000500000005001700005008004100022041000800063082001800071100003000089245005600119260000900175300001300184650000800197654000800205101920260306140601.0260306t1996||||xx |||||||||||||| ||spa|| aESP a180bC77 T. 4 aCopleston, FrederickeAUT 0aHistoria de la filosofía:bde Descartes a Leibniz c1996 ac22 cm. aGEN aCHU